No somos indios, todos estamos mezclados: la indentidad miskita en Honduras /
Esta investigación examina la naturaleza mezclada de la identidad miskita hondureña, para así luchar en contra de la idea de que los pueblos miskitos son un grupo indígena homogéneo dentro de la literatura científica social, contribuyendo así con la emergente identidad racial mixta del pueblo miskit...
Guardat en:
| Autor principal: | |
|---|---|
| Format: | Text |
| Matèries: | |
| Etiquetes: |
Afegir etiqueta
Sense etiquetes, Sigues el primer a etiquetar aquest registre!
|
MARC
| LEADER | 00000 a a2200000 04500 | ||
|---|---|---|---|
| 001 | 18884 | ||
| 003 | |||
| 040 | |||
| 100 | |a Hobson Herlihy, Laura | ||
| 245 | |a No somos indios, todos estamos mezclados: |b la indentidad miskita en Honduras / |c Laura Hobson Herlihy | ||
| 500 | |a Resumen también en inglés páginas 3 | ||
| 520 | |a Esta investigación examina la naturaleza mezclada de la identidad miskita hondureña, para así luchar en contra de la idea de que los pueblos miskitos son un grupo indígena homogéneo dentro de la literatura científica social, contribuyendo así con la emergente identidad racial mixta del pueblo miskito hondureño. La investigación se enfoca principalmente en cómo las mujeres y los hombres miskitos de la Reserva de la Biosfera Río Plátano (RBRP) construyen los tropos étnicos de negritud e indianidad en sus discursos cotidianos y en sus conductas | ||
| 650 | |a POBLACION INDIGENA | ||
| 650 | |a IDENTIDAD CULTURAL | ||
| 650 | |a ETNICIDAD | ||
| 650 | |a GRUPOS ETNICOS | ||
| 650 | |a RELACIONES ENTRE LOS GRUPOS | ||
| 650 | |a ESTEREOTIPOS | ||
| 650 | |a INVESTIGACION SOCIAL | ||
| 650 | |a ANTROPOLOGIA SOCIAL Y CULTURAL | ||
| 650 | |a HONDURAS | ||
| 773 | |g número 42; páginas 40-49 | ||
| 999 | |c 39820 |d 39820 | ||
